000
00240nam a22001097a 4500
020
_a
9789695736081
082
_a
398.2
_b
THI
245
_a
Ali baba and the forty thieves
260
_a
Lahore:
_b
JBD Press,
563
_a
PB
942
_2
ddc
_c
BK
999
_c
614876
_d
614876